000 01634nam a22001577a 4500
041 _aukr
080 _a09
090 _bПАС
100 _aПасічник, З. Ю.
245 _aЛексико-стилістичний аналіз мови персонажів роману Гарпер Лі "Вбити пересмішника"
260 _aОстрог
_bКАФ
_c2014
300 _a94
520 _aВступ. Розділ І. Особливості мови художніх текстів. 1.1. Текст як обєкт вивчення лінгвістики 1.2. Властивості художнього стилю мовлення 1.3. Художні тексти у системі мови, їх риси Розділ ІІ. Характеристика лексико-стилістичних засобів. 2.1. Види класифікації стилістичних фігур та прийомів 2.2. Характеристика стилістичних засобів англійської мови 2.3. Метафора як один із основних тропів Розділ ІІІ. Лексико-стилістичний аналіз роману Гарпер Лі "Вбити персмішника". 3.1. Стилістичні фігури заміщення 3.2. Стилістичні фігури суміщення 3.3. Синтаксичні стилістичні засоби Висновки. Список використаної літератури. Додатки.
_0стилістика, лексикологія, текст
650 _aResearch Papers
999 _c285365
_d285365
942 _cBK